NBA Careers: Allen Iverson - Statistics

General Stats
  • This quiz has been taken 58 times
  • The average score is 16 of 17
Answer Stats
Year Team % Correct
1996 Philadelphia 76ers
100%
1997 Philadelphia 76ers
100%
1998 Philadelphia 76ers
100%
1999 Philadelphia 76ers
100%
2000 Philadelphia 76ers
100%
2001 Philadelphia 76ers
100%
2002 Philadelphia 76ers
100%
2003 Philadelphia 76ers
100%
2004 Philadelphia 76ers
100%
2005 Philadelphia 76ers
100%
2006 Philadelphia 76ers
100%
2006 Denver Nuggets
94%
2007 Denver Nuggets
94%
2008 Denver Nuggets
94%
2008 Detroit Pistons
76%
2009 Memphis Grizzlies
72%
2009 Philadelphia 76ers
70%
No matching quizzes found
Score Distribution
Percent of People with Each Score
Percentile by Number Answered
Your Score History
You have not taken this quiz